| 000 | 01403nam a2200409 i 4500 | ||
|---|---|---|---|
| 001 | 14670 | ||
| 003 | KOSZ 005 | ||
| 005 | 20211014111834.0 | ||
| 008 | 070928s1972 pl a f f 001 0 pol | ||
| 015 | _aPB 1972/2396 | ||
| 035 | _a991036886119705066 | ||
| 035 | _a(PL-WaBN)b19900090-48omnis_nlop | ||
| 035 | _ab19900090 | ||
| 035 | _a(OCoLC)838955993 | ||
| 035 | _a(PL)b0000001990009 | ||
| 035 | _a(EXLNZ-48OMNIS_NETWORK)9910139086405606 | ||
| 040 |
_aWA N _cWA N _dKOSZ 005/KK _dKOSZ 005/HR |
||
| 080 | _a351.83(438) | ||
| 100 | 1 |
_aSzubert, Wacław _d(1912-1994). _eAutor |
|
| 245 | 1 | 0 |
_aZarys prawa pracy / _cWacław Szubert. |
| 260 |
_aWarszawa : _bPaństwowe Wydawnictwo Naukowe, _c1972. |
||
| 300 |
_a378, [2] strony : _berrata ; _c23 cm. |
||
| 336 |
_2rdacontent _aTekst _btxt |
||
| 337 |
_2rdamedia _aBez urządzenia pośredniczącego _bn |
||
| 338 |
_2rdacarrier _aWolumin _bnc |
||
| 380 | _aKsiążki | ||
| 388 | _a1901-2000 | ||
| 504 | _aBibliografia na stronach 363-[366]. Indeks. | ||
| 650 | 4 | _aPrawo pracy | |
| 651 | 7 |
_aPolska _2DBN |
|
| 655 | 7 |
_aPodręczniki akademickie _2DBN |
|
| 658 | _aPrawo i wymiar sprawiedliwości | ||
| 710 | 2 |
_aPaństwowe Wydawnictwo Naukowe _4pbl |
|
| 856 |
_uhttp://koha.tu.koszalin.pl/cgi-bin/koha/opac-detail.pl?biblionumber=14670 _yKatalog online BPK |
||
| 942 |
_2UKD _cKS |
||
| 999 |
_c14670 _d14670 |
||